000 00561nam a2200193Ia 4500
005 20250508162120.0
008 008 250505s9999 xx 000 0 eng d
037 _aTextual
040 _aFEDL
_beng
_cFEDL
041 _aeng
_2eng
084 _a155.413, PIA
_qFEDL
100 _aSime Mary
_9317877
245 0 _aRead your child's thoughts: Pre - school learning Piaget's way
260 _aLondon, UK
_bThamas and Hudson
_c1980
300 _a144p
650 _aChild psychology
942 _cTEXL
_h155.413, PIA
999 _c1374471
_d1374471